[Event "3rd Yerevan Open-A 2021"]
[Site "Yerevan"]
[Date "2021.10.22"]
[Round "9.10"]
[White "Nazari, Arad"]
[Black "Harsha Bharathakoti"]
[Result "0-1"]
[WhiteElo "2298"]
[BlackElo "2517"]
[Annotator "TA"]
[PlyCount "74"]
[EventDate "2021.10.14"]
[EventType "swiss"]
[EventCountry "ARM"]
[SourceTitle "playchess.com"]
[Source "ChessBase"]
[SourceQuality "1"]

{[%evp 11,74,44,45,30,43,31,46,28,23,49,36,43,40,0,25,20,26,-25,-16,0,0,-25,0,0,0,0,25,33,32,28,22,-54,-34,-91,-41,-126,-126,-141,-138,-175,-168,-151,-152,-157,-137,-178,-89,-95,-93,-120,-133,-222,-222,-471,-407,-387,-353,-1114,-1092,-1238,-1215,-1191,-1183,-1053,-1031]} 1. e4 g6 2. d4 Bg7 3. Nc3 d6 4. f4 a6 5. Nf3 b5 {[%cal Bb7b5,Bb5b4][%mdl 32]} 6. Bd3 Nd7 7. a4 {B06: Modern Defence.} b4 8. Ne2 c5 9. c3 {White is slightly better.} cxd4 10. cxd4 a5 11. O-O {[#]} Ngf6 $146 ({Predecessor:} 11... d5 12. Ne5 Ngf6 13. f5 Nxe5 14. dxe5 Nxe4 15. Bxe4 dxe4 16. Qxd8+ Kxd8 17. f6 exf6 18. exf6 {0-1 (40) Van Houtte,T (2225)-Dunnington,A (2370) Belgium 1990}) 12. e5 Nd5 13. Qb3 e6 14. f5 (14. Ng5 $142) 14... gxf5 $11 15. Bxf5 dxe5 16. Ng5 {[#] Hoping for Bxe6!} Nc5 17. Qc4 exf5 18. Qxc5 {Threatens to win with Qc6+.} Rb8 19. Ng3 Bf8 $1 {[%cal Rf8c5]} 20. Qc2 {[%mdl 1024] White has compensation.} f4 {[#]} 21. N3e4 (21. Qe4 $1 $11 f6 (21... Bg7 22. Nh5) 22. Bxf4 Nxf4 23. Rxf4) 21... Qb6 $36 {[%mdl 2048] aiming for ...Be7. Black fights for an advantage.} 22. Kh1 ({Better is} 22. Qc4 $15 Be6 23. Qb5+ Ke7 24. Qxb6 Rxb6 25. dxe5) 22... f6 ({Not} 22... Qxd4 $2 23. Rd1 $18) 23. Nf3 (23. dxe5 $15 fxg5 24. Rd1) 23... Bg7 $1 $17 ({Worse is} 23... exd4 24. Nxd4 f3 25. Rxf3 $16) 24. dxe5 fxe5 25. Rd1 Bb7 26. Qc5 Qxc5 27. Nxc5 Ba8 28. Re1 {[#]} Rg8 (28... O-O $1 $19 {Strongly threatening ...Rfe8.} 29. Ne6 e4 30. Rxe4 {[#]} Nc7 $1 {[%mdl 512]}) 29. Nd3 Kf8 30. Ndxe5 {White wants to play Nd7+.} Re8 {...Bxe5 is the strong threat.} 31. Nd7+ (31. h3 $17) 31... Kf7 $19 32. Ng5+ $2 (32. Nde5+ {was the only defense.} Bxe5 33. Nxe5+ Kf6 34. Nf3) 32... Kg6 {[%cal Re8e1]} 33. Ne6 Bh8 34. Ra2 $2 (34. Nxf4+ Nxf4 35. Bxf4) 34... Kf5 {Black is clearly winning.} 35. Ndc5 Ne3 36. Nxf4 Nxg2 {[%cal Re8e1][%mdl 64] Discovered Attack} 37. Rxe8 Rxe8 {[%cal Re8e1] Weighted Error Value: White=0.46/Black=0.06} 0-1

[Event "3rd Yerevan Open-A 2021"]
[Site "Yerevan"]
[Date "2021.10.22"]
[Round "9.11"]
[White "Hayrapetyan, Hovik"]
[Black "Bharath Subramaniyam H"]
[Result "1-0"]
[WhiteElo "2500"]
[BlackElo "2435"]
[Annotator "TA"]
[PlyCount "91"]
[EventDate "2021.10.14"]
[EventType "swiss"]
[EventCountry "ARM"]
[SourceTitle "playchess.com"]
[Source "ChessBase"]
[SourceQuality "1"]

{[%evp 9,91,27,28,14,20,8,26,32,29,31,23,26,42,42,43,45,41,46,44,30,34,45,43,52,53,48,73,48,48,44,62,50,59,64,51,53,73,52,74,60,120,55,44,10,14,0,10,-22,-15,-64,-55,-63,-21,-10,0,-12,3,0,22,16,21,18,166,158,177,182,316,316,318,318,270,262,361,337,337,287,410,389,485,300,509,523,29997,29998]} 1. d4 d5 2. c4 e6 3. Nc3 a6 4. cxd5 exd5 5. Nf3 c6 6. Qc2 {D31: Queen's Gambit Declined: Semi-Slav without ...Nf6 (+ Marshall Gambit and Noteboom) and Exchange Variation lines without ...Nf6.} Bd6 7. Bg5 Be7 8. Bf4 {White has an edge.} Nf6 9. h3 O-O 10. e3 h6 11. Bd3 Be6 {[#]} 12. O-O $146 ({Predecessor:} 12. g4 a5 13. g5 hxg5 14. Bxg5 Na6 15. a3 c5 16. Rg1 Rc8 17. Bh6 Nh5 18. Ne5 Bh4 19. Qe2 Qf6 20. Bg5 Bxg5 21. Qxh5 Bh6 22. Nxd5 {1-0 (21) Molina Mansilla,R (2343)-Lopez Roca,X San Feliu de Guixols 2000}) 12... Nbd7 13. Rfd1 Rc8 14. Na4 Qa5 15. a3 c5 16. dxc5 Nxc5 17. Nxc5 Rxc5 18. Qb1 {b4 is the strong threat.} Rcc8 19. Nd4 Qb6 20. b4 Nd7 21. Ra2 Bf6 22. a4 Ne5 23. a5 Qd8 24. Be2 Nc6 (24... Qe7 $14) 25. Nxc6 (25. Nxe6 $16 fxe6 26. b5 axb5 27. Qxb5) 25... Rxc6 $14 26. b5 axb5 27. Qxb5 Qe7 28. Rb1 d4 29. Ra4 g5 30. Bg3 dxe3 (30... Rc2 {looks sharper.} 31. Qd3 Rc3 32. Qe4 dxe3 33. fxe3 Qd7) 31. fxe3 Bd7 {And now ...Rc1+! would win.} 32. Qxb7 Qxe3+ 33. Bf2 Qxe2 ({Don't play} 33... Rc1+ $6 34. Bf1 $16) 34. Qxd7 Qc2 35. Qd1 Qf5 {Black cannot hold the game after this.} (35... Qxd1+ $1 $11 36. Rxd1 Ra8) 36. a6 $18 {[%cal Ba5a6,Ba6a7][%mdl 32]} Rd8 {[#]} 37. Qf1 {Threatens to win with a7.} Qc2 (37... Rc2 {might work better.} 38. Rab4 (38. Bb6 Rxg2+ {[%mdl 64] Decoy} 39. Kxg2 Qc2+ {[%mdl 64] Double Attack} 40. Qf2 Qxa4 $11) 38... Ra2) 38. Rab4 Be5 {[#]} 39. a7 Rcc8 40. Kh1 Qg6 41. Qe2 Bd6 42. Rb6 Qf5 (42... Ra8 $142 43. Rd1 Rxa7 44. Rbxd6 {[%mdl 64] Discovered Attack} Rxd6) 43. Bg1 Bf4 44. Ra1 Kh7 $2 (44... Qe5 45. Qxe5 Bxe5) 45. Qh5 Qe4 46. Qxf7+ {Weighted Error Value: White=0.13/Black=0.49} 1-0

[Event "3rd Yerevan Open-A 2021"]
[Site "Yerevan"]
[Date "2021.10.22"]
[Round "9.12"]
[White "Paichadze, Luka"]
[Black "Ohanyan, Emin"]
[Result "1-0"]
[WhiteElo "2566"]
[BlackElo "2373"]
[Annotator "TA"]
[PlyCount "109"]
[EventDate "2021.10.14"]
[EventType "swiss"]
[EventCountry "ARM"]
[SourceTitle "playchess.com"]
[Source "ChessBase"]
[SourceQuality "1"]

{[%evp 13,109,6,18,0,25,27,15,0,0,0,0,0,18,0,0,0,0,6,23,19,11,20,22,14,19,2,10,5,83,87,78,88,83,55,95,66,76,68,69,59,88,83,120,112,115,110,112,107,118,120,156,125,113,117,193,183,1789,1789,1407,1397,1397,1333,29973,29974,29974,29975,29975,29976,29976,29977,29977,29978,29978,29969,29979,29979,29993,29975,29981,29977,29980,29981,29981,29982,29982,29983,29983,29984,29984,29985,29988,29989,29989,29990,29990,29991,29994,29995]} 1. e4 e5 2. Nf3 Nc6 3. Bb5 a6 4. Ba4 Nf6 5. d3 b5 6. Bb3 Bc5 7. O-O {7.Nc3 is a critical line.} O-O 8. a4 {C78: Ruy Lopez: Archangelsk and Möller Defences.} Rb8 9. axb5 axb5 10. h3 $5 {[%mdl 4] The position is equal. A promising side line.} h6 {[#]} 11. Be3 $146 ({Predecessor:} 11. Re1 d6 12. c3 Re8 13. Nbd2 Bb6 14. Nf1 Be6 15. Bc2 d5 16. exd5 Qxd5 17. Ng3 {1-0 (57) Chen,Q (2493)-Sargsyan,A (2402) Tornelo INT 2020}) 11... Bxe3 12. fxe3 d5 13. Nc3 {[%cal Re4d5]} Be6 14. exd5 Nxd5 15. Qd2 Qd6 16. Ne4 Qe7 17. Ng3 Rbd8 18. Kh2 f5 19. Ra6 Nb6 {White must now prevent ...Bxb3.} 20. Qc3 Qd6 {[#]} (20... Bxb3 $11 {remains equal.} 21. Qxb3+ Kh7) 21. Nh4 $1 $16 {[%cal Rh4f5]} b4 22. Qe1 {[%cal Rg3f5]} Bxb3 23. Nhxf5 Qg6 24. cxb3 Rxd3 25. Ra1 Rd7 26. Rc1 Rdf7 27. Qe2 {Qf3 is the strong threat.} Ne7 {[%cal Re7f5]} 28. Nxe7+ Rxe7 29. Rxf8+ Kxf8 30. Qb5 Kg8 31. Qxb4 Rf7 32. Qb5 Qd6 33. Ne4 Qd5 {[#]} (33... Qd7 $16 34. Qxd7 (34. Qxe5 Re7 $16) 34... Rxd7) 34. Qe8+ $1 $18 Rf8 $2 {[#]} (34... Kh7 35. Rc5 Qd7 36. Qxd7 (36. Qxe5 Re7 $16) (36. Rxe5 Qxe8 37. Rxe8 Rf5 $16) 36... Rxd7 37. Rxe5 Rd1) 35. Nf6+ $1 {[%mdl 512]} gxf6 36. Qg6+ {[%mdl 64] Double Attack} Kh8 37. Rxc7 {[%csl Gc7][%cal Rg6h7]} Nd7 38. Qxh6+ {White mates.} Kg8 39. Qg6+ Kh8 40. Qh5+ Kg7 41. Qg4+ {[%mdl 64] Double Attack} Kh6 42. Rxd7 {[%mdl 4096] Endgame KQR-KQR} Qg8 43. Qh4+ Kg6 44. e4 Rb8 45. Rc7 Qh8 46. Qg4+ Kh6 47. b4 Rg8 48. Qh4+ Kg6 49. Qg3+ Kh6 50. Qf2 Rg5 51. b5 Qd8 52. b6 Kg6 53. Rc6 Rh5 54. b7 Rh8 55. b8=Q {Weighted Error Value: White=0.04/Black=0.27} 1-0